El contrato estatal de obra : (Registro nro. 15415)
[ vista simple ]
| 000 -LEADER | |
|---|---|
| fixed length control field | 01155nam a22002417a 4500 |
| 003 - CONTROL NUMBER IDENTIFIER | |
| control field | OSt |
| 005 - DATE AND TIME OF LATEST TRANSACTION | |
| control field | 20210317140730.0 |
| 008 - FIXED-LENGTH DATA ELEMENTS--GENERAL INFORMATION | |
| fixed length control field | 210317s2000 ck ||||fr|||| 00| 0 spa d |
| 020 ## - INTERNATIONAL STANDARD BOOK NUMBER | |
| International Standard Book Number | 9588087198 |
| 040 ## - CATALOGING SOURCE | |
| Original cataloging agency | CO-JMCR |
| Transcribing agency | CO-JMCR |
| 041 0# - LANGUAGE CODE | |
| Language code of text/sound track or separate title | spa |
| 082 04 - DEWEY DECIMAL CLASSIFICATION NUMBER | |
| Classification number | 346.861024 / |
| Item number | E746c |
| Edition number | 23 |
| 100 1# - MAIN ENTRY--PERSONAL NAME | |
| Personal name | Escobar Henriquez, Alvaro B., |
| Relator term | autor |
| 9 (RLIN) | 32313 |
| 245 13 - TITLE STATEMENT | |
| Title | El contrato estatal de obra : |
| Remainder of title | descripción cláusulas comentarios críticas / |
| Statement of responsibility, etc. | Alvaro B. Escobar Henriquez |
| 260 ## - PUBLICATION, DISTRIBUTION, ETC. | |
| Place of publication, distribution, etc. | Bogotá : |
| Name of publisher, distributor, etc. | Ediciones Jurídicas Gustavo Ibañez, |
| Date of publication, distribution, etc. | 2000 |
| 300 ## - PHYSICAL DESCRIPTION | |
| Extent | 358 páginas ; |
| Dimensions | 25 cm. |
| 500 ## - GENERAL NOTE | |
| General note | Incluye notas a pie de página. |
| 504 ## - BIBLIOGRAPHY, ETC. NOTE | |
| Bibliography, etc. note | Bibliografía: páginas 357-358 |
| 505 0# - FORMATTED CONTENTS NOTE | |
| Formatted contents note | El contrato estatal -- El contrato de obra -- Selección del contratista -- Cláusulas excepcionales al derecho común -- Comentarios críticos a los actuales procesos de selección del contratista. Prácticas contractuales y legales e inconvenientes -- Propuestas de trabajo para la solución de algunos problemas de la contratación |
| 650 14 - SUBJECT ADDED ENTRY--TOPICAL TERM | |
| Topical term or geographic name entry element | Contratos administrativos |
| Geographic subdivision | Colombia |
| 9 (RLIN) | 9521 |
| 650 14 - SUBJECT ADDED ENTRY--TOPICAL TERM | |
| Topical term or geographic name entry element | Contratos de obra |
| Geographic subdivision | Colombia |
| 9 (RLIN) | 36241 |
| 942 ## - ADDED ENTRY ELEMENTS (KOHA) | |
| Source of classification or shelving scheme | Dewey Decimal Classification |
| Koha item type | Books |
| Withdrawn status | Lost status | Source of classification or shelving scheme | Damaged status | Not for loan | Collection code | Home library | Current library | Date acquired | Source of acquisition | Total Checkouts | Full call number | Barcode | Date last seen | Copy number | Price effective from | Koha item type |
|---|---|---|---|---|---|---|---|---|---|---|---|---|---|---|---|---|
| Dewey Decimal Classification | Non-fiction | Biblioteca Pública José María del Castillo y Rada | Biblioteca Pública José María del Castillo y Rada | 10/02/2020 | Donación | 346.861024 / E746c | 201810877 | 05/16/2024 | Ej.1 | 03/17/2021 | Books |